书目信息 |
| 题名: |
近代中国商人与社会
|
|
| 作者: | 朱英 著 | |
| 分册: | ||
| 出版信息: | 武汉 湖北教育出版社 2001 |
|
| 页数: | 432页 | |
| 开本: | 20cm | |
| 丛书名: | 任智文丛 | |
| 单 册: | ||
| 中图分类: | F729.5 | |
| 科图分类: | ||
| 主题词: | 商业经济--中国 | |
| 电子资源: | ||
| ISBN: | 7-5351-3199-9 | |
| 000 | 00657nam2 2200229 45 | |
| 001 | 0411291341 | |
| 005 | 20041130091411.0 | |
| 010 | @a7-5351-3199-9@dCNY20.00 | |
| 100 | @a20041129d2001 km y0chiy0120 ea | |
| 101 | 0 | @achi |
| 105 | @a z 000yy | |
| 200 | 1 | @a近代中国商人与社会@AJin Dai Zhong Guo Shang Ren Yu She Hui@f朱英著@FZhu Ying Zhu |
| 210 | @a武汉@c湖北教育出版社@d2001 | |
| 215 | @a432页@d20cm | |
| 225 | @a任智文丛 | |
| 300 | @a教育部人文社会科学“十五”规划项目 | |
| 410 | @12001 @a任智文丛 | |
| 606 | 0 | @a商业经济@x中国 |
| 690 | @aF729.5@v4 | |
| 701 | 0 | @a朱英@4著 |
| 801 | @aCN@bTSTCL@c20041129 | |
| 905 | @b336743-747@dF729.5@e19@f5 | |
| 近代中国商人与社会/朱英著.-武汉:湖北教育出版社,2001 |
| 432页;20cm.-(任智文丛) |
| 教育部人文社会科学“十五”规划项目 |
| ISBN 7-5351-3199-9:CNY20.00 |
| ● |
| 相关链接 |
|
|
|
|
正题名:近代中国商人与社会
索取号:F729.5/19
 
预约/预借
| 序号 | 登录号 | 条形码 | 馆藏地/架位号 | 状态 | 备注 |
| 1 | 0336743 | 203367436 | 第一借阅区/ [索取号:F729.5/19] | 在馆 | |
| 2 | 0336744 | 203367445 | 第一借阅区/ [索取号:F729.5/19] | 在馆 | |
| 3 | 0336745 | 203367454 | 第一借阅区/ [索取号:F729.5/19] | 在馆 | |
| 4 | 0336746 | 203367463 | 第一借阅区/ [索取号:F729.5/19] | 在馆 | |
| 5 | 0336747 | 203367472 | 第一样本阅览室/ [索取号:F729.5/19] | 在馆 |